Statistics for Tallinna asumid

Click here to take the quiz!

General Stats

  • This quiz has been taken 42 times
    (28 since last reset)
  • The average score is 22 of 84

Answer Stats

LinnaosaAsum% Correct
Põhja-TalinnKopli
82%
Põhja-TallinnKalamaja
76%
NõmmeNõmme
76%
KristiineTondi
71%
KesklinnVanalinn
71%
KristiineLilleküla
65%
PiritaPirita
65%
LasnamäeÜlemiste
65%
KristiineJärve
59%
NõmmeLaagri
53%
HaaberstiÕismäe
53%
KesklinnSüdalinn
53%
KesklinnKadriorg
47%
NõmmeHiiu
41%
HaaberstiKakumäe
41%
NõmmeKivimäe
41%
NõmmeMänniku
41%
MustamäeMustamäe
41%
NõmmePääsküla
41%
Põhja-TallinnPelgulinn
41%
NõmmeRahumäe
41%
HaaberstiRocca al Mare
41%
HaaberstiHaabersti
35%
KesklinnKitseküla
35%
KesklinnSadama
35%
KesklinnSibulaküla
35%
LasnamäeSikupilli
35%
PiritaMähe
29%
PiritaMerivälja
29%
Põhja-TallinnPaljassaare
29%
KesklinnRaua
29%
MustamäeSiili
29%
HaaberstiVäike-Õismäe
29%
KesklinnAegna
24%
HaaberstiAstangu
24%
MustamäeKadaka
24%
PiritaKloostrimetsa
24%
LasnamäeLaagna
24%
PiritaMaarjamäe
24%
LasnamäePae
24%
MustamäeSääse
24%
LasnamäeSõjamäe
24%
HaaberstiTiskre
24%
LasnamäeTondiraba
24%
KesklinnUus Maailm
24%
NõmmeVana-Mustamäe
24%
KesklinnKassisaba
18%
NõmmeLiiva
18%
KesklinnMõigu
18%
LasnamäeMustakivi
18%
Põhja-TallinnPelguranna
18%
KesklinnTõnismäe
18%
KesklinnJuhkentali
12%
Põhja-TallinnKarjamaa
12%
LasnamäeKatleri
12%
Põhja-TallinnKelmiküla
12%
PiritaKose
12%
KesklinnMaakri
12%
HaaberstiMäeküla
12%
Põhja-TallinnMerimetsa
12%
HaaberstiMustjõe
12%
HaaberstiPikaliiva
12%
NõmmeRaudalu
12%
Põhja-TallinnSitsi
12%
KesklinnTorupilli
12%
KesklinnÜlemistejärve
12%
HaaberstiVeskimetsa
12%
HaaberstiVismeistri
12%
PiritaIru
6%
KesklinnKeldrimäe
6%
PiritaLaiaküla
6%
LasnamäeLoopealse
6%
KesklinnLuite
6%
LasnamäePaevälja
6%
LasnamäePriisle
6%
LasnamäeSeli
6%
LasnamäeUuslinn
6%
LasnamäeVäo
6%
KesklinnVeerenni
6%
KesklinnKompass
0%
LasnamäeKurepõllu
0%
LasnamäeKuristiku
0%
PiritaLepiku
0%
KesklinnTatari
0%

Score Distribution

Percentile by Number Answered

Percent of People with Each Score

Your Score History

You have not taken this quiz since the last reset